| 000 | 00780nam a2200265Ia 4500 | ||
|---|---|---|---|
| 003 | OSt | ||
| 005 | 20221006145206.0 | ||
| 006 | a|||||r|||| 00| 0 | ||
| 007 | ta | ||
| 008 | 221006b |||||||| |||| 00| 0 eng d | ||
| 020 |
_a0891586768 _c _21.00 |
||
| 024 | _a14,074 | ||
| 037 | _cTextual | ||
| 040 |
_aEASL _cEASL _beng |
||
| 041 |
_2eng _aeng |
||
| 082 | _aE,895.41(W), M0 | ||
| 100 |
_aCHANG Arnold _9510205 |
||
| 245 | 0 |
_aPainting in the People's Republic of China _b The politics of style |
|
| 260 |
_aBoulder _bWestview Press Colorado _c1980 |
||
| 300 |
_a130p. _ccm. |
||
| 490 | _aWestview Special Studies on China and East Asia | ||
| 650 |
_aPainter _9653707 |
||
| 942 |
_hE,895.41(W), M0 _cTEXL _2CC |
||
| 999 |
_c1082160 _d1082160 |
||